000 00840nam a2200265Ia 4500
005 20260121172946.0
008 008 260114s9999 xx 000 0 eng d
020 _a9783030921279
037 _aEBOOK
040 _aCRL
040 _beng
040 _cCRL
041 _2eng
041 _aeng
084 _qCRL
100 _aRafik A. Aliev, Janusz Kacprzyk, Witold Pedrycz, Mo Jamshidi, Mustafa Babanli, Fahreddin M. Sadikoglu
_91094872
245 0 _a11th International Conference on Theory and Application of Soft Computing, Computing with Words and Perceptions and Artificial Intelligence - ICSCCW-2021
260 _bSpringer
260 _bSpringer
260 _c2022
856 _uhttps://link.springer.com/openurl?genre=book&isbn=978-3-030-92127-9
942 _cEBOOK
999 _c1660614
_d1660614